|
|
|
|
| LEADER |
01946cam a2200493 a 4500 |
| 001 |
nkc20132439760 |
| 003 |
CZ PrNK |
| 005 |
20130419101518.0 |
| 007 |
ta |
| 008 |
121208s2012 xr abche f 000 0 cze d |
| 015 |
|
|
|a cnb002439760
|
| 020 |
|
|
|a 978-80-86011-49-3
|q (Jan Škoda - FORTprint ;
|q brož.)
|
| 035 |
|
|
|a (OCoLC)842343924
|
| 040 |
|
|
|a OSA001
|b cze
|d ABA001
|
| 043 |
|
|
|a e-xr---
|b e-xr-mo
|2 czenas
|
| 045 |
|
|
|a x3x3
|
| 072 |
|
7 |
|a 623
|x Vojenská technika
|2 Konspekt
|9 19
|
| 080 |
|
|
|a 623.1(437)"1935/1938"
|2 MRF
|
| 080 |
|
|
|a (437.326)
|2 MRF
|
| 080 |
|
|
|a (036)
|2 MRF
|
| 100 |
1 |
|
|a Durčák, Josef,
|d 1939-2021
|7 mzk2005312894
|4 aut
|
| 245 |
1 |
0 |
|a Opevnění IV. sboru.
|n Část 3,
|p Tvrz Smolkov /
|c Josef Durčák, Martin Hejda, Miloslav Rucki
|
| 246 |
3 |
0 |
|a Tvrz Smolkov
|
| 250 |
|
|
|a 1. vyd.
|
| 260 |
|
|
|a Dvůr Králové nad Labem :
|b Nákladem Klubu vojenské historie Bohumín vydal Fortprint,
|c 2012
|
| 300 |
|
|
|a 223 s. :
|b il. (některé barev.), mapy, portréty, plány, faksim. ;
|c 21 cm
|
| 504 |
|
|
|a Obsahuje bibliografii a bibliografické odkazy
|
| 610 |
2 |
7 |
|a Dělostřelecká tvrz Smolkov
|7 osa2013741988
|2 czenas
|
| 648 |
|
7 |
|a 1935-1938
|7 ch969054
|2 czenas
|
| 650 |
0 |
7 |
|a opevnění Československa (1935-1938)
|7 ph500508
|2 czenas
|
| 650 |
0 |
9 |
|a Czechoslovak fortification, 1935-1938
|2 eczenas
|
| 651 |
|
7 |
|a Háj ve Slezsku (Česko : oblast)
|7 ge543588
|2 czenas
|
| 651 |
|
9 |
|a Háj ve Slezsku Region (Czechia)
|2 eczenas
|
| 655 |
|
7 |
|a informační publikace
|7 fd132454
|2 czenas
|
| 655 |
|
9 |
|a information publications
|2 eczenas
|
| 700 |
1 |
|
|a Hejda, Martin
|7 pag2008464238
|4 aut
|
| 700 |
1 |
|
|a Rucki, Miloslav
|7 pag2008464215
|4 aut
|
| 710 |
2 |
|
|a Klub vojenské historie Bohumín
|7 kn20100127021
|
| 910 |
2 |
|
|a BOA001
|b 2-1235.654,3
|
| 928 |
9 |
|
|a Fortprint
|
| 990 |
|
|
|a BK
|
| 995 |
|
|
|a 01
|
| 991 |
|
|
|b 201303
|c NOV
|e n
|
| 996 |
6 |
|
|b 2610542240
|c 2-1235.654,3
|l MZK
|r Sklad / do 1 hodiny
|n 3
|p p.v.
|w 001317560
|u 000010
|a 1
|e BOA001
|j MZK50
|s P
|